Devinez la Capitale Mystère #46 - Statistiques

Statistiques générales
  • Ce quiz a été pris 190 fois
  • Le résultat moyen est 28 sur 31
Statistiques - réponses
Type de Réponse Réponse % Correct
Lettre de l'Alphabet A
99%
Lettre de l'Alphabet I
99%
Lettre de l'Alphabet S
99%
Lettre Trouvée L
98%
Lettre de l'Alphabet R
98%
Lettre Trouvée E
97%
Lettre de l'Alphabet N
97%
Lettre Trouvée O
97%
Lettre de l'Alphabet P
97%
Lettre de l'Alphabet B
94%
Lettre de l'Alphabet D
94%
Lettre Trouvée M
93%
Lettre Bien Placée O
93%
Lettre Bien Placée L
92%
Lettre de l'Alphabet T
91%
Lettre de l'Alphabet C
90%
Lettre de l'Alphabet G
90%
Lettre de l'Alphabet H
90%
Lettre de l'Alphabet U
90%
Lettre Bien Placée M
88%
Lettre de l'Alphabet V
88%
Lettre de l'Alphabet W
88%
Lettre Bien Placée É
87%
Lettre de l'Alphabet K
86%
Lettre de l'Alphabet X
85%
Lettre de l'Alphabet Y
85%
Lettre de l'Alphabet Z
84%
Lettre de l'Alphabet J
83%
Lettre de l'Alphabet Q
83%
Lettre de l'Alphabet F
82%
Capitale Mystère Lomé
81%
Aucun quiz correspondant
Distribution des résultats
% des personnes avec chaque résultat
Percentile par nombre de réponses
Votre historique - résultats
Vous n’avez pas pris ce quiz